| Поле | Инд. | ПП | Название | Значение |
|---|---|---|---|---|
| Тип записи | a | |||
| Библиографический уровень | m | |||
| 001 | Контрольный номер | 90d1752a-dd86-4368-b0a6-e252f746e6db | ||
| 005 | Дата корректировки | 20140226173907.9 | ||
| 008 | Кодируемые данные | 20010206s?a aznnnabbn zn aan | ||
| 020 | a | ISBN | 5-341-00162-1 | |
| c | Цена, тираж | 0.30 | ||
| 040 | a | Служба первич. каталог. | RU-RKP | |
| a | Служба первич. каталог. | НБ ТвГУ | ||
| 041 | a | Код языка текста | rus | |
| 080 | a | Индекс УДК | 087.5:510.51 | |
| 084 | a | Индекс другой классификации/Индекс ББК | В127 | |
| 090 | x | Авторский знак | М15 | |
| a | Полочн. индекс | В127 | ||
| 100 | 1_ | a | Автор | Макаренков Юрий Алексеевич |
| 245 | 10 | a | Заглавие | Что такое алгоритм? |
| b | Продолж. заглавия | беседы со старшеклассником | ||
| c | Ответственность | Ю. А. Макаренков, А. А. Столяр | ||
| 260 | 0_ | a | Место издания | Минск |
| b | Издательство | Народная асвета | ||
| c | Дата издания | 1989 | ||
| 300 | a | Объем | 125,[2] с. | |
| b | Иллюстрации/ тип воспроизводства | ил. | ||
| c | Размеры | 22 см | ||
| 650 | a | Основная рубрика | Алгоритмы | |
| 653 | a | Ключевые слова | Основания математики | |
| 653 | a | Ключевые слова | Математическая логика | |
| 700 | 1_ | a | Другие авторы | Столяр Абрам Аронович |
| e | Роль лиц | авт. | ||
| 852 | t | Порядковый номер экземпляра | 5 | |
| p | Инвентарный номер | 596263 | ||
| p | Инвентарный номер | 596262 | ||
| p | Инвентарный номер | 596265 | ||
| p | Инвентарный номер | 596264 | ||
| p | Инвентарный номер | 596261 | ||
| 863 | t | 00031029 | ||
| 863 | t | 00031028 | ||
| 863 | t | 00031031 | ||
| 863 | t | 00031030 | ||
| 999 | a | Подразделение 2 | Фил3 |